000 00511nam a2200229Ia 4500
003 IT-RoPAU
008 120407s9999 xx 000 0 und d
040 _aIT-RoPAU
040 _cIT-RoPAU
041 _aita
100 _aEdward Schillebeeckx
245 _aGesù , la storia di un vivente.
250 _aBrescia
260 _aQueriniana
260 _c1976
300 _a774 p.
300 _c23 cm
490 _aBiblioteca di teologia contemporanea
490 _v26
942 _cBK
999 _c36703
_d36703